El diseño emocional: por qué nos gustan, o no, los objetos cotidianos

Tallennettuna:
Bibliografiset tiedot
Päätekijä: Norman, Donald A. (autor)
Aineistotyyppi: Kirja
Kieli:espanja
Julkaistu: Barcelona Paidós Ibérica 2005
Sarja:Paidós Transiciones, 58
Aiheet:
Tagit: Lisää tagi
Ei tageja, Lisää ensimmäinen tagi!

MARC

LEADER 00000nam a2200000 a 4500
001 UCJ2010
003 CL-VaPUC
008 061124e20050000SP |||||||||||||||||spa|d
020 |a 8449317290 
082 0 4 |a 745.2  |b NOR  |2 21 
100 |a Norman, Donald A.  |e autor  |9 339952 
245 1 3 |a El diseño emocional: por qué nos gustan, o no, los objetos cotidianos 
300 |a 279 p 
942 |c BK 
945 |d 20061124 00:00:00  |a cmena 
260 |a Barcelona  |b Paidós Ibérica  |c 2005 
650 0 |a Diseño industrial  |9 262726 
650 0 |a Filosofía del arte  |9 264951 
650 0 |a Influencia social  |9 309315 
650 0 |a Emociones   |9 265224 
650 0 |a Psicología social   |9 222894 
583 |a last modification  |c 20061124 00:00:00  |k Rodrigo Vera 
490 0 |a Paidós Transiciones, 58 
999 |c 318427  |d 318425 
952 |0 0  |1 0  |4 0  |6 745_200000000000000_NOR_2005  |7 0  |8 A  |9 396209  |a BIBARQ  |b BIBARQ  |d 2019-11-22  |i 4279956  |l 6  |m 3  |o 745.2 NOR 2005  |p 4279956  |q 2025-05-20  |r 2025-05-05  |s 2025-05-05  |w 2019-11-22  |y BK  |k ARQ